000 00903nam a2200205 i 4500
001 19749
003 ES-MaACL
005 20250829122928.0
007 t|
008 021010s1815 sp |||| | spa d
100 1 _aAbril, Pedro Simón,
_d1530?-1595?
_918170
245 1 0 _aApuntamientos de como se deben reformar las doctrinas y la manera de enseñarlas para reducirlas a su antigua entereza y perfección, hechos a la magestad de Felipe II /
_cpor Pedro Simón Abril ; y ahora nuevamente publicados y añadidos con algunas observaciones y notas por José Clemente Carnicero.
260 _aMadrid :
_b[s.n.],
_c1815 (
_fImp. de D.M. de Burgos)
300 _a92 p. ;
_c14 cm.
650 0 7 _aDidáctica
_2embne
_911880
650 4 _aEnseñanza-
_zEspaña-
_yS.XVI-XVII.
_912287
700 1 _aCarnicero, José Clemente.
_935380
852 _aES-MaACL
_jR-3193
_xOlim:T-1354-F-4
999 _c19749
_d19749